000 01616nas a2200277Ia 4500
001 R052-S4850
003 IT-CnALBA
008 170116c99999999xx |||||||||||| ||und||
040 _aIT-CnALBA
_cIT-CnALBA
041 _aITALIANO
100 _aMEJIA JORGE, MONSIGNORE
210 _aRASSEGNA DI TEOLOGIA
222 _aRASSEGNA DI TEOLOGIA
245 0 _aRASSEGNA DI TEOLOGIA. GENNAIO FEBBRAIO 1998. RIVISTA DI TEOLOGIA E SCIENZE UMANE.
250 _a1a ed.
260 _a MILANO - TORINO
_bSAN PAOLO ED.
_c1998 [1° Ed.:1998 - Ed.Ling.Originale: 1998]
300 _a160 p.
310 _aBIMESTRALE
362 _aFascicolo: 1 / Anno: 39 (1998)
500 _aLA DOTTRINA SOCIALE DELLA CHIESA. ALL'ORIGINE DELLO SPIRITO SANTO. ZUCCARO C. LA VITA UMANA È INDISPONIBILE? JANNONE F. WALTER KASPER, REDENZIONE E STORIA. SCOLA A. IL CORAGGIO DELLA SCELTA. BERTACCHINI R. LE LISTE DEI NOMI NEL NUOVO TESTAMENTO, QUALE VALORE ECCLESIOLOGICO? FORUM ATI. PARENTE U. LA FORMAZIONE DELLA COSCIENZA CONCILIARE AL VATICANO II. RECENSIONI.
501 _aSocietà San Paolo EM - Piazza San Paolo, 14 - 12051 ALBA (CN) (non commercial uses only) ® Copyright 2017
520 _aLA DOTTRINA SOCIALE DELLA CHIESA. ALL'ORIGINE DELLO SPIRITO SANTO. ZUCCARO C. LA VITA UMANA È INDISPONIBILE? JANNONE F. WALTER KASPER, REDENZIONE E STORIA. SCOLA A. IL CORAGGIO DELLA SCELTA. BERTACCHINI R. LE LISTE DEI NOMI NEL NUOVO TESTAMENTO, QUALE VALORE ECCLESIOLOGICO? FORUM ATI. PARENTE U. LA FORMAZIONE DELLA COSCIENZA CONCILIARE AL VATICANO II. RECENSIONI.
650 _aTEOLOGIA - SCIENZE UMANE
942 _cCR
957 _71
999 _a66740
_bNO
_g1
_c333099
_d333099